Movies by bad explanation - Statistics

General Stats
  • This quiz has been taken 108 times
  • The average score is 8 of 15
Answer Stats
Hint Answer % Correct
A big green guy Shrek
77%
Girl who is able to afford a dress and fragile shoes cannot afford a watch Cinderella
71%
a big fish (though technically its not a fish or something) eats a person (or more) Jaws
71%
I wonder who 6, 5, 4, 3, 2, and 1 are. why isnt 001-006 a movie?!?! James Bond
70%
sleepy kid uses toys to torture and abuse some criminals Home Alone
66%
again but in a different city this time Home Alone 2
58%
kid from alabama has to stop being from alabama or he will literally stop existing. Also, time travel. Back to the Future
57%
A big green guy but he's not green anymore and he’s handsome now Shrek 2
57%
(Not the actual plot of the movie) Big and very old video game company wants money, so they milk their franchise with this movie (it worked big time) Mario
56%
Big guy tells little guy his whole life has been a lie and now he has to live at a boarding school in the middle of a dangerous woods Harry Potter
52%
scrappy kid goes through puberty on a boat, then dies “on” the boat Titanic
51%
stupid anime girl is a furry, but only when she gets emotional Turning Red
47%
guy goes to prison for something he didn’t do, so he leaves and goes to Mexico Shawshank Redemption
39%
Kid wants to fight in a war but his uncle and aunt want help on their farm, so an old guy who is obsessed with said kid gives him a present from his dad Star Wars
39%
Narcissist Racist learns the value of teamwork, but he’s still a racist, and an even faster one Cars
12%
No matching quizzes found
Score Distribution
Percent of People with Each Score
Percentile by Number Answered
Your Score History
You have not taken this quiz